| 000 | 00484nam a22001817a 4500 | ||
|---|---|---|---|
| 003 | CEME | ||
| 005 | 20210628202819.0 | ||
| 008 | 210118b xxu||||| |||| 00| 0 eng d | ||
| 020 | _a0-19-856440-6 | ||
| 040 | _c. | ||
| 082 | _a628.50154 VAN | ||
| 100 |
_aVanloon, Gary W, Duffy, Stephen J _961763 |
||
| 245 | _aEnvironmental chemistry, a global perspective | ||
| 260 |
_aNEW DELHI _bOXFORD _c2003 |
||
| 300 | _a492 P | ||
| 650 |
_aENVIRONMENTAL CHEMISTRY _9441 |
||
| 942 |
_cBK _2ddc |
||
| 999 |
_c571102 _d571102 |
||